[Event "Stay Safe Play From Home 312"]
[Site "Emanuel Lasker Arena"]
[Date "2020.07.17"]
[Round "3"]
[White "Timbre"]
[Black "Lucknow"]
[Result "1-0"]
[WhiteElo "1643"]
[BlackElo "1902"]
[Annotator "TA"]
[PlyCount "185"]
[EventDate "2020.07.17"]
[EventType "swiss (blitz)"]

{[%evp 9,185,24,23,7,19,13,16,1,-2,0,0,0,36,23,26,29,72,79,86,-5,-7,-5,-5,-6,-10,-23,-8,-10,-8,-10,0,-3,-3,-3,-3,-10,0,0,0,0,0,-11,-8,-18,0,0,0,0,0,-5,0,-6,-10,-143,-150,-215,-225,-205,-199,-200,-191,-256,-257,-239,-247,-268,-104,-107,-108,-211,-218,-214,-213,-371,-363,-365,-367,-472,-395,-435,-435,-497,-493,-495,-493,-616,-609,-568,-363,-326,-331,-327,-296,-560,-543,-581,-567,-505,0,-472,0,-407,-411,-457,-208,-443,-422,-397,0,-422,0,0,0,0,0,-26,0,0,0,0,0,-84,33,0,0,0,0,0,0,0,0,0,0,0,0,0,0,0,0,0,0,0,0,0,0,0,0,0,0,0,0,0,0,0,0,0,0,0,0,0,0,0,0,0,0,0,0,0,0,0,0,0,117,124,29980,29981,29980,29982]} 1. d4 d5 2. Nf3 c6 3. c3 e6 4. Bf4 Bd6 5. Bg3 Nf6 6. e3 {D02: 1 d4 d5 2 Nf3 sidelines, including 2...Nf6 3 g3 and 2...Nf6 3 Bf4.} O-O 7. Bd3 Qc7 8. Nbd2 {The position is equal.} Nbd7 9. Qc2 {[#]} g6 $146 ({Predecessor:} 9... Re8 10. Bxd6 Qxd6 11. O-O e5 12. e4 c5 13. exd5 Qxd5 14. dxe5 Nxe5 15. Nxe5 Rxe5 {1-0 (30) Avila Vargas,J (1452)-Moreno Gil,G (1364) Paipa 2019}) 10. e4 {Hoping for e5.} dxe4 11. Nxe4 Nxe4 12. Bxe4 e5 13. dxe5 $1 Nxe5 14. O-O (14. O-O-O $16) 14... Nxf3+ $11 15. Bxf3 Bxg3 16. hxg3 Bf5 17. Be4 Be6 18. Bf3 Rfd8 19. a3 Rd6 20. Rad1 Rad8 21. Rxd6 Rxd6 22. Rd1 Kg7 23. Rxd6 Qxd6 24. Qa4 a6 25. Qc2 Qe5 26. Qd2 Bf5 27. Qd8 Qe1+ 28. Kh2 Qxf2 29. Qe7 Qxb2 30. Qe5+ Kf8 31. Qd6+ (31. Qb8+ $1 $11 Ke7 32. Bxc6 $1 {[%mdl 512]}) 31... Ke8 $1 $17 32. Qe5+ (32. c4 $17 {was necessary.}) 32... Kd7 $19 33. Qd4+ Kc7 34. Qe5+ Kb6 $1 35. Qd4+ (35. Qe3+ $142 Kc7 36. Qe7+ Kb8 37. Qf8+ Ka7 38. Qxf7) 35... Ka5 36. Qe5+ Qb5 37. Qc7+ b6 $2 (37... Ka4 $19 {has better winning chances.} 38. Qe7 Bc2 39. Qxf7 Kxa3 40. Qe7+ c5 41. Bxb7 a5) 38. Bxc6 $17 Qc5 39. Qb7 (39. Qf4 $17 b5 40. Bf3) 39... Be6 $19 ({Much less strong is} 39... Qxa3 40. Qxf7 Qxc3 41. Qa2+ Kb4 42. Qa4+ Kc5 43. Bf3 $17) 40. Bf3 Qxc3 41. Qe7 $2 (41. Be2 {keeps fighting.} b5 42. Bxb5) 41... Qc5 42. Qh4 Qxa3 43. Qxh7 Qc5 44. Qh4 Kb5 45. Qf4 a5 46. Be2+ Bc4 47. Bxc4+ Qxc4 {[%mdl 4096] Endgame KQ-KQ} 48. Qe5+ Kb4 49. Qd6+ {[#]} Qc5 $1 {[%cal Rc5d6]} 50. Qd2+ Kb5 51. Qd3+ $2 (51. Qe2+ Qc4 52. Qe8+ Kb4 53. Qe7+ Ka4 54. Qe5) 51... Kc6 52. Qd8 Qh5+ 53. Kg1 Qc5+ 54. Kh2 $1 Kb5 $2 (54... Kb7 $19 55. Qd7+ Qc7 56. Qd5+ Ka6 57. Qa8+ Qa7) 55. Qe8+ $2 {[%mdl 8192]} (55. Qd3+ $1 $11 {and White stays safe.} Qc4 56. Qd6) 55... Kb4 56. Qxf7 a4 (56... Qh5+ $142 57. Kg1 a4 58. Qf4+ Kb5 59. Qf1+ Ka5 60. Qe1+ Ka6) 57. Qf4+ $2 (57. Qxg6 {was forced.} a3 58. Qe4+ Kc3 59. Qe1+ Kb2 60. Qe2+ Kb3 61. Qf3+ Qc3 62. Qd5+ Qc4 63. Qf3+ Kb4 64. Qf8+ Qc5 65. Qf4+ Ka5 66. Qd2+ Ka6 67. Qd8) 57... Qc4 58. Qd6+ Qc5 $2 (58... Ka5 $19 59. Qd2+ Ka6) 59. Qd2+ $2 {[%mdl 8192]} (59. Qf4+ $1 $11 {and White has nothing to worry.} Ka5 60. Qd2+ Ka6 61. Qd8) 59... Kb3 $2 (59... Kb5 $19 {...a3 is the strong threat.} 60. Qd3+ Ka5) 60. Qd3+ $11 Kb2 61. Qd2+ Kb3 {White must now prevent ...b5.} 62. Qd3+ Ka2 {Threatens to win with ...b5.} (62... Qc3 $5 {[%cal Rc3d3]} 63. Qb5+ Qb4 64. Qd3+ Kb2 65. Qe2+ Ka3 66. Qe3+ Qb3 67. Qe7+ Ka2 68. Qe2+ Ka1 69. Qf1+ Qb1 70. Qf6+ Qb2 71. Qf1+ Qb1 72. Qf6+ Ka2 73. Qe6+ Qb3 74. Qe2+ Kb1 75. Qe4+ Kc1 76. Qe1+ Kc2 77. Qe2+ Kc3 78. Qe3+ Kc4 79. Qe6+ Kc5 80. Qe7+ Kc6 81. Qe8+ Kd6 82. Qd8+ Ke6 83. Qe8+ Kf6 84. Qc6+ Kf5 85. Qd7+ Ke5 86. Qc7+ Ke6 87. Qc6+ Kf7 88. Qb7+ Kf8 89. Qb8+ Kg7 90. Qe5+ Kf7 91. Qc7+ Ke8 92. Qc6+ Kd8 93. Qd6+ Kc8 94. Qc6+ Kb8 95. Qd6+ Kc8 96. Qc6+ Kd8 97. Qd6+ Ke8 98. Qc6+ Ke7 99. Qc7+ Kf8 100. Qb8+ Kf7 101. Qc7+ Kf8 102. Qd8+ Kf7 103. Qd7+ Kf6 104. Qd6+ Kf5 105. Qf8+ Ke4 106. Qa8+ Ke5 $17) 63. Qd2+ Kb1 {aiming for ...a3.} 64. Qd1+ {[%mdl 64] Double Attack} Kb2 {Strongly threatening ...Qh5+.} 65. Qxa4 (65. Qd2+ $1 $11 {remains equal.} Ka3 66. Qd3+ Kb4 67. Qxg6) 65... Qc2 ({Black should try} 65... b5 $17 66. Qa5 Kb3) 66. Qb4+ (66. Qd4+ {looks sharper.} Kc1 67. Qxb6 Qe4 68. Qd6 Kc2 69. Kh3) 66... Qb3 67. Qd4+ Ka3 68. Qa1+ Kb4 69. Qd4+ Ka5 70. Qe5+ b5 71. Qc7+ Ka4 72. Qa7+ Kb4 73. Qd4+ Ka3 74. Qa1+ Kb4 75. Qd4+ Qc4 (75... Ka3 {is interesting.}) 76. Qb2+ Kc5 77. Qe5+ Kb6 78. Qd6+ Ka5 79. Qa3+ Qa4 80. Qc3+ Qb4 81. Qc7+ Ka4 82. Qc2+ Ka3 83. Qc1+ Qb2 (83... Ka2 {is more complex.} 84. Qc2+ Qb2 85. Qxg6 Qh8+ 86. Kg1 Qd4+) 84. Qc5+ Ka4 (84... Ka2 {seems wilder.} 85. Qd5+ Ka3 86. Qc5+) 85. Qa7+ Kb4 86. Qe7+ Ka4 {And now ...Qh8+ would win.} 87. Qa7+ Kb3 88. Qe3+ Ka2 89. Qe6+ Ka1 90. Qe1+ Qb1 (90... Ka2 $11 {keeps the balance.} 91. Qa5+ Kb1 92. Qe1+ Kc2) 91. Qa5+ $16 Kb2 $2 {[%mdl 8192]} (91... Qa2 $16 92. Qxb5 Qe6) 92. Qxb5+ Kc2 {[#]} 93. Qxb1+ $1 {Never resign too early! Accuracy: White = 69%, Black = 75%.} 1-0

[Event "Stay Safe Play From Home 312"]
[Site "Emanuel Lasker Arena"]
[Date "2020.07.17"]
[Round "4"]
[White "Chesstiger9"]
[Black "Timbre"]
[Result "1-0"]
[WhiteElo "2116"]
[BlackElo "1670"]
[Annotator "TA"]
[PlyCount "67"]
[EventDate "2020.07.17"]
[EventType "swiss (blitz)"]

{[%evp 9,67,47,54,51,77,24,29,18,16,15,81,96,91,51,100,93,91,78,80,82,115,131,306,308,307,283,564,550,481,447,436,397,447,446,479,392,1193,549,457,469,456,448,458,458,491,447,440,442,622,623,617,610,546,385,29972,29972,5900,5385,29990,29991]} 1. d4 d5 2. Nf3 c6 3. e3 Bg4 4. Nbd2 Bxf3 5. Nxf3 {[#]} e6 $146 ({Predecessor:} 5... Nf6 6. Bd3 Nbd7 7. c4 Qc7 8. Qc2 dxc4 9. Bxc4 e6 10. a3 c5 11. Bd3 Rc8 12. Bd2 cxd4 13. Qxc7 Rxc7 14. Nxd4 {1-0 (59) Molina,J (1764)-Vargas D,C (1492) La Paz 2016}) 6. Bd3 {D02: 1 d4 d5 2 Nf3 sidelines, including 2...Nf6 3 g3 and 2...Nf6 3 Bf4.} f5 7. Ne5 (7. O-O $16) 7... Nf6 $11 8. g4 {White has an edge.} fxg4 9. Nxg4 Nxg4 (9... Nbd7 $11 {keeps the balance.}) 10. Qxg4 $16 Qf6 11. Bd2 (11. e4 {is more complex.} Be7 12. Be3 Nd7 13. O-O-O O-O-O 14. e5) 11... Be7 12. O-O-O Nd7 13. f4 O-O-O 14. Rhg1 Rhg8 15. Bxh7 Nb6 $2 {Loses the game.} (15... Rh8 $16 {was called for.}) 16. Bxg8 $18 Rxg8 17. Qg6 Qf8 $2 (17... Nc4 18. e4 dxe4 19. Qxe4 Qf5 20. Qxf5 exf5) 18. Qxe6+ Kb8 19. e4 dxe4 20. Qxe4 Nd5 21. c4 Nb6 22. Rde1 Bb4 $2 (22... Bf6 23. b3 Qa3+ 24. Kb1 Rd8) 23. Qe5+ Bd6 24. Qe2 Bxf4 25. Rgf1 Bxd2+ 26. Qxd2 ({Weaker is} 26. Kxd2 Qb4+ 27. Kc1 Nxc4 $18) 26... Qc8 27. Qf4+ Ka8 28. b3 a6 (28... g5 $142 29. Qd2 Qd7) 29. Re7 Qh3 {If only Black now had time for ...Qc3+....} 30. Rf3 Qg2 31. Qc7 {[%csl Ge7][%cal Rc7b7]} Rb8 $2 {[#]} (31... Qg1+ $18 32. Kd2 Rb8) 32. Rf8 $1 {[%csl Gf8][%cal Rc7b8][%mdl 512]} Qg1+ {[#]} (32... Rxf8 33. Qxb7#) 33. Kc2 $1 {[%csl Gf8][%cal Rc7b8]} Qxh2+ 34. Qxh2 {Accuracy: White = 73%, Black = 29%.} 1-0

[Event "Stay Safe Play From Home 312"]
[Site "Emanuel Lasker Arena"]
[Date "2020.07.17"]
[Round "4"]
[White "Haris kollari 13"]
[Black "Dukic"]
[Result "1-0"]
[WhiteElo "1955"]
[BlackElo "1917"]
[Annotator "NA"]
[PlyCount "79"]
[EventDate "2020.07.17"]
[EventType "swiss (blitz)"]

1. e4 {[%emt 0:00:02]} c6 {[%emt 0:00:07]} 2. f4 {[%emt 0:00:03]} d6 {[%emt 0:00:01]} 3. d4 {[%emt 0:00:01]} Nd7 {[%emt 0:00:00]} 4. Nf3 {[%emt 0:00:01]} Qc7 {[%emt 0:00:01]} 5. Bd3 {[%emt 0:00:01]} e5 {[%emt 0:00:01]} 6. c3 {[%emt 0:00:02]} Be7 {[%emt 0:00:01]} 7. Be3 {[%emt 0:00:01]} Ngf6 {[%emt 0:00:01]} 8. h3 {[%emt 0:00:02]} O-O {[%emt 0:00:01]} 9. dxe5 {[%emt 0:00:05]} dxe5 {[%emt 0:00:02]} 10. f5 {[%emt 0:00:01]} Bc5 {[%emt 0:00:10]} 11. Qe2 {[%emt 0:00:03]} Qb6 {[%emt 0:00:03]} 12. Bxc5 {[%emt 0:00:02]} Nxc5 {[%emt 0:00:03]} 13. b4 {[%emt 0:00:04]} Ncd7 {[%emt 0:00:32]} 14. Qf2 {[%emt 0:00:06]} c5 {[%emt 0:00:09]} 15. a3 {[%emt 0:00:02]} Qc6 {[%emt 0:00:01]} 16. O-O {[%emt 0:00:03]} Nxe4 {[%emt 0:00:04]} 17. Qe3 {[%emt 0:00:09]} Ng3 {[%emt 0:00:09]} 18. Re1 {[%emt 0:00:05]} e4 {[%emt 0:00:01]} 19. Bxe4 {[%emt 0:00:03]} Nxe4 {[%emt 0:00:05]} 20. Qxe4 {[%emt 0:00:01]} Qxe4 {[%emt 0:00:02]} 21. Rxe4 {[%emt 0:00:01]} Nf6 {[%emt 0:00:01]} 22. Re5 {[%emt 0:00:02]} cxb4 {[%emt 0:00:17]} 23. cxb4 {[%emt 0:00:03]} Re8 {[%emt 0:00:07]} 24. g4 {[%emt 0:00:07]} Rxe5 {[%emt 0:00:06]} 25. Nxe5 {[%emt 0:00:01]} h5 {[%emt 0:00:01]} 26. Nc3 {[%emt 0:00:02]} hxg4 {[%emt 0:00:02]} 27. hxg4 {[%emt 0:00:01]} b6 {[%emt 0:00:02]} 28. Rd1 {[%emt 0:00:10]} Bb7 {[%emt 0:00:01]} 29. g5 {[%emt 0:00:02]} Nh5 {[%emt 0:00:03]} 30. Rd7 {[%emt 0:00:03]} f6 {[%emt 0:00:23]} 31. Ng6 {[%emt 0:00:16]} Bf3 {[%emt 0:00:14]} 32. gxf6 {[%emt 0:00:07]} Nxf6 {[%emt 0:00:16]} 33. Rc7 {[%emt 0:00:02]} a5 {[%emt 0:00:06]} 34. Kf2 {[%emt 0:00:01]} Bg4 {[%emt 0:00:03]} 35. b5 {[%emt 0:00:01]} Rd8 {[%emt 0:00:10]} 36. Kg3 {[%emt 0:00:03]} Rd3+ {[%emt 0:00:04]} 37. Kf4 {[%emt 0:00:01]} Kh7 {[%emt 0:00:04]} 38. Rc8 {[%emt 0:00:06]} Bxf5 {[%emt 0:00:39]} 39. Kxf5 {[%emt 0:00:01]} Rf3+ {[%emt 0:00:02]} 40. Nf4 {[%emt 0:00:04] Zeit (Lag: Av=0.43s, max=1.0s)} 1-0

[Event "Stay Safe Play From Home 312"]
[Site "Emanuel Lasker Arena"]
[Date "2020.07.17"]
[Round "4"]
[White "Patzeroglu"]
[Black "Lazieri3"]
[Result "0-1"]
[WhiteElo "1909"]
[BlackElo "2021"]
[Annotator "TA"]
[PlyCount "58"]
[EventDate "2020.07.17"]
[EventType "swiss (blitz)"]

{[%evp 12,57,15,17,18,18,18,-76,-66,-63,-47,-62,-49,-56,-44,-41,-40,-443,-457,-508,-527,-607,-615,-597,-595,-575,-577,-609,-607,-1276,-1266,-29991,-29992,-29999,-1604,-1370,-1353,-29996,-29997,-29997,-29997,-29997,-29995,-29995,-29993,-29998,-29999,-29999]} 1. e4 c6 2. d4 d5 3. Nc3 dxe4 4. Nxe4 Nd7 5. Bd3 Ngf6 6. Ne2 Nxe4 7. Bxe4 Nf6 {B17: Caro-Kann: Modern Line (4...Nd7).} 8. Bf3 Bg4 {[#]} 9. O-O $146 (9. Bxg4 $11 Nxg4 10. Ng3) ({Predecessor:} 9. Bxg4 Nxg4 10. h3 Nf6 11. c4 e6 12. O-O Be7 13. b3 O-O 14. Bb2 Qc7 15. Re1 {½-½ (55) Mamedyarov,S (2801)-Giri,A (2782) chess.com INT 2018}) 9... Bxf3 $17 {Black is better.} 10. gxf3 Qd5 11. Nf4 Qg5+ 12. Kh1 Qh4 13. Be3 e6 {Hoping for ...Bd6.} 14. Rg1 $2 {[%mdl 8192]} ({White should play} 14. Ng2 $1 $15 Qh5 15. Nf4) 14... Bd6 $19 15. Qd2 g5 16. Rxg5 Qxg5 17. Nxe6 {[#]} Qh4 $1 {[%csl Gd6][%cal Rh4h2]} 18. Bf4 Bxf4 19. Nxf4 O-O-O 20. c3 Rhg8 {Threatens to win with ...Nd5.} 21. Qe2 Qxf4 22. Qe5 Qxe5 (22... Qxf3# $142) 23. dxe5 Nh5 24. f4 Nxf4 {Black mates.} 25. e6 fxe6 26. Re1 {[#]} Rd2 $1 27. h4 Rxf2 28. Rxe6 Rf1+ 29. Kh2 Rg2# {Black took control after the opening. Accuracy: White = 24%, Black = 100%.} 0-1

[Event "Stay Safe Play From Home 312"]
[Site "Emanuel Lasker Arena"]
[Date "2020.07.17"]
[Round "4"]
[White "Klasman"]
[Black "Cirovicz"]
[Result "0-1"]
[WhiteElo "1591"]
[BlackElo "1823"]
[Annotator "NA RC"]
[PlyCount "26"]
[EventDate "2020.07.17"]
[EventType "swiss (blitz)"]

1. f4 {[%emt 0:00:05]} d5 {[%emt 0:00:01]} 2. Nf3 {[%emt 0:00:02]} Nc6 {[%emt 0:00:03]} 3. c4 {[%emt 0:00:01]} dxc4 {[%emt 0:00:01]} 4. e3 {[%emt 0:00:01]} b5 {[%emt 0:00:01]} 5. a4 {[%emt 0:00:02]} bxa4 {[%emt 0:00:05]} 6. Qxa4 {[%emt 0:00:05]} Bd7 {[%emt 0:00:02]} 7. Bxc4 {[%emt 0:00:01]} e5 {[%emt 0:00:01]} 8. Bb5 {[%emt 0:00:04]} Nge7 {[%emt 0:00:14]} 9. fxe5 {[%emt 0:00:10]} g6 {[%emt 0:00:07]} 10. O-O {[%emt 0:00:01]} Bg7 {[%emt 0:00:01]} 11. d4 {[%emt 0:00:01]} O-O {[%emt 0:00:02]} 12. Bc4 {[%emt 0:00:09]} Nxe5 {[%emt 0:00:03]} 13. Nxe5 {[%emt 0:00:03]} Bxa4 {[%emt 0:00:02] Klasman resigns (Lag: Av=0.68s, max=1.0s)} 0-1

[Event "Stay Safe Play From Home 312"]
[Site "Emanuel Lasker Arena"]
[Date "2020.07.17"]
[Round "5"]
[White "Lazieri3"]
[Black "Haris kollari 13"]
[Result "1-0"]
[WhiteElo "2033"]
[BlackElo "1970"]
[Annotator "NA"]
[PlyCount "135"]
[EventDate "2020.07.17"]
[EventType "swiss (blitz)"]

1. e4 {[%emt 0:00:01]} e6 {[%emt 0:00:01]} 2. e5 {[%emt 0:00:03]} d5 {[%emt 0:00:01]} 3. exd6 {[%emt 0:00:00]} cxd6 {[%emt 0:00:00]} 4. d4 {[%emt 0:00:00]} d5 {[%emt 0:00:00]} 5. c3 {[%emt 0:00:01]} Bd7 {[%emt 0:00:01]} 6. Bf4 {[%emt 0:00:00]} Nc6 {[%emt 0:00:02]} 7. Nf3 {[%emt 0:00:01]} h6 {[%emt 0:00:02]} 8. Bd3 {[%emt 0:00:01]} Nf6 {[%emt 0:00:01]} 9. O-O {[%emt 0:00:02]} a6 {[%emt 0:00:01]} 10. Nbd2 {[%emt 0:00:01]} Be7 {[%emt 0:00:02]} 11. h3 {[%emt 0:00:01]} Rc8 {[%emt 0:00:03]} 12. Qe2 {[%emt 0:00:03]} O-O {[%emt 0:00:03]} 13. g4 {[%emt 0:00:06]} Nh7 {[%emt 0:00:03]} 14. Rae1 {[%emt 0:00:11]} Ng5 {[%emt 0:00:05]} 15. Nxg5 {[%emt 0:00:02]} Bxg5 {[%emt 0:00:01]} 16. Bg3 {[%emt 0:00:24]} Qa5 {[%emt 0:00:11]} 17. a3 {[%emt 0:00:03]} Be7 {[%emt 0:00:06]} 18. Nf3 {[%emt 0:00:10]} Qb6 {[%emt 0:00:02]} 19. Ne5 {[%emt 0:00:03]} Nxe5 {[%emt 0:00:02]} 20. Bxe5 {[%emt 0:00:01]} Bd6 {[%emt 0:00:03]} 21. Bxd6 {[%emt 0:00:06]} Qxd6 {[%emt 0:00:02]} 22. Bb1 {[%emt 0:00:00]} Qf4 {[%emt 0:00:16]} 23. Qe3 {[%emt 0:00:13]} Qxe3 {[%emt 0:00:03]} 24. Rxe3 {[%emt 0:00:10]} Rc6 {[%emt 0:00:05]} 25. f4 {[%emt 0:00:04]} Rb6 {[%emt 0:00:02]} 26. Rf2 {[%emt 0:00:02]} Rc8 {[%emt 0:00:02]} 27. f5 {[%emt 0:00:09]} Rf8 {[%emt 0:00:04]} 28. Kg2 {[%emt 0:00:13]} exf5 {[%emt 0:00:06]} 29. Bxf5 {[%emt 0:00:06]} Bxf5 {[%emt 0:00:01]} 30. gxf5 {[%emt 0:00:02]} f6 {[%emt 0:00:02]} 31. Re7 {[%emt 0:00:05]} Rf7 {[%emt 0:00:02]} 32. Re8+ {[%emt 0:00:05]} Rf8 {[%emt 0:00:04]} 33. Re3 {[%emt 0:00:06]} Kf7 {[%emt 0:00:10]} 34. Rfe2 {[%emt 0:00:01]} Kg8 {[%emt 0:00:10]} 35. Kf3 {[%emt 0:00:14]} h5 {[%emt 0:00:02]} 36. Kf4 {[%emt 0:00:11]} Kh7 {[%emt 0:00:01]} 37. Re7 {[%emt 0:00:01]} Kh6 {[%emt 0:00:05]} 38. Rd7 {[%emt 0:00:12]} Rg8 {[%emt 0:00:07]} 39. Rxd5 {[%emt 0:00:05]} g5+ {[%emt 0:00:11]} 40. fxg6 {[%emt 0:00:03]} Rxg6 {[%emt 0:00:01]} 41. Rd7 {[%emt 0:00:05]} Rg7 {[%emt 0:00:07]} 42. Rd8 {[%emt 0:00:10]} Kh7 {[%emt 0:00:09]} 43. Rde8 {[%emt 0:00:11]} Kg6 {[%emt 0:00:09]} 44. Rc8 {[%emt 0:00:17]} Rb5 {[%emt 0:00:06]} 45. Rg2+ {[%emt 0:00:04]} Kh7 {[%emt 0:00:08]} 46. Rxg7+ {[%emt 0:00:02]} Kxg7 {[%emt 0:00:01]} 47. Rc7+ {[%emt 0:00:00]} Kg6 {[%emt 0:00:01]} 48. b4 {[%emt 0:00:01]} Rf5+ {[%emt 0:00:01]} 49. Ke4 {[%emt 0:00:01]} Rb5 {[%emt 0:00:02]} 50. c4 {[%emt 0:00:01]} Rb6 {[%emt 0:00:01]} 51. d5 {[%emt 0:00:02]} a5 {[%emt 0:00:05]} 52. bxa5 {[%emt 0:00:04]} Ra6 {[%emt 0:00:01]} 53. Rxb7 {[%emt 0:00:01]} Rxa5 {[%emt 0:00:01]} 54. d6 {[%emt 0:00:00]} f5+ {[%emt 0:00:08]} 55. Kd4 {[%emt 0:00:03]} Kf6 {[%emt 0:00:01]} 56. c5 {[%emt 0:00:05]} f4 {[%emt 0:00:03]} 57. c6 {[%emt 0:00:02]} Ke6 {[%emt 0:00:02]} 58. d7 {[%emt 0:00:01]} Rd5+ {[%emt 0:00:05]} 59. Ke4 {[%emt 0:00:02]} Rd6 {[%emt 0:00:01]} 60. Rb8 {[%emt 0:00:08]} f3 {[%emt 0:00:03]} 61. Kxf3 {[%emt 0:00:02]} Rd3+ {[%emt 0:00:05]} 62. Ke2 {[%emt 0:00:02]} Rd6 {[%emt 0:00:02]} 63. d8=Q {[%emt 0:00:01]} Rxc6 {[%emt 0:00:03]} 64. Rb6 {[%emt 0:00:01]} Rxb6 {[%emt 0:00:03]} 65. Qxb6+ {[%emt 0:00:00]} Kf5 {[%emt 0:00:01]} 66. Kf3 {[%emt 0:00:01]} Kg5 {[%emt 0:00:01]} 67. Kg3 {[%emt 0:00:03]} h4+ {[%emt 0:00:01]} 68. Kf3 {[%emt 0:00:00] Haris kollari 13 resigns (Lag: Av=0.53s, max=0.9s)} 1-0

[Event "Stay Safe Play From Home 312"]
[Site "Emanuel Lasker Arena"]
[Date "2020.07.17"]
[Round "5"]
[White "Dukic"]
[Black "Patzeroglu"]
[Result "0-1"]
[WhiteElo "1902"]
[BlackElo "1897"]
[Annotator "TA"]
[PlyCount "64"]
[EventDate "2020.07.17"]
[EventType "swiss (blitz)"]

{[%evp 9,64,79,137,136,258,254,441,458,461,458,461,428,541,404,395,-35,-32,-184,-191,-169,-23,-276,-281,-277,-208,-554,-257,-222,-151,-247,-159,-167,-137,-150,-148,-150,-142,-185,-158,-218,-205,-267,-258,-314,-316,-647,-636,-637,-629,-1180,-968,-987,-967,-4686,-4001,-1907,-1721]} 1. e4 e5 2. d4 exd4 3. Nf3 Nf6 4. e5 Nd5 5. Qxd4 Nb4 {[#]} (5... Nb6 $142) 6. Qe4 $1 $16 {C43: Petroff Defence: 3 d4.} N8c6 (6... Be7 $16) 7. a3 $18 {[#]} d5 $146 (7... Na6 {is a better defense.} 8. b4 Be7) ({Predecessor:} 7... Na6 8. b4 Naxb4 9. axb4 Bxb4+ 10. Bd2 Be7 11. Bd3 d6 12. exd6 Qxd6 13. Nc3 a6 14. Nb5 Qd8 15. Bf4 O-O 16. Qxh7# {1-0 (16) Sabbatini,G (1937)-Krag Jacobsen,A (1699) ICCF email 2010}) 8. exd6+ $1 {White is clearly winning.} Be6 {If Black can now play ...Nd5 this consolidates a bit.} 9. axb4 Bxd6 10. c3 O-O {If only Black now had time for ...Re8....} 11. Bd3 {[%csl Gd3][%cal Re4h7]} g6 12. O-O $2 ({White should try} 12. Bg5 $18 Qd7 13. b5) 12... Bf5 $15 13. Qe2 $2 (13. Qe3 $15 Bxd3 14. Re1) 13... Bxd3 $19 14. Qd1 {intending Re1.} Ne5 (14... Bxf1 $19 15. Qxf1 Re8) 15. Nd4 $2 {[%mdl 8192]} (15. Re1 $11) 15... Bxf1 16. Qxf1 b6 17. Bh6 $2 (17. h3) 17... Re8 (17... Ng4 $142 18. g3 Nxh6) 18. h3 {[#]} Nd3 $1 {[%mdl 512] ...Re1 is the strong threat.} 19. Na3 (19. Bd2 $17) (19. Qxd3 Re1+) 19... Nf4 20. Nc4 Qh4 21. Nxd6 cxd6 22. Bxf4 Qxf4 23. Qd3 Qe4 24. Qg3 (24. Qxe4 $17 Rxe4 25. b5) 24... a5 25. bxa5 Rxa5 26. Rxa5 bxa5 {[%cal Bb6a5,Ba5a4][%mdl 32]} 27. Qxd6 $2 {[%mdl 4096] Endgame KQR-KQN} (27. b3) 27... Qb1+ {Black is clearly winning.} 28. Kh2 Qxb2 29. c4 Qb8 30. Qxb8 Rxb8 31. c5 a4 32. c6 Rc8 {Accuracy: White = 24%, Black = 33%.} 0-1

[Event "Stay Safe Play From Home 312"]
[Site "Emanuel Lasker Arena"]
[Date "2020.07.17"]
[Round "5"]
[White "Cirovicz"]
[Black "Chesstiger9"]
[Result "0-1"]
[WhiteElo "1830"]
[BlackElo "2119"]
[Annotator "TA"]
[PlyCount "68"]
[EventDate "2020.07.17"]
[EventType "swiss (blitz)"]

{[%evp 9,68,-60,-45,-60,-41,-58,-57,-112,-45,-49,-14,-23,32,0,9,0,25,-137,-125,-143,-148,-135,-131,-267,-267,-263,-208,-238,-197,-209,-200,-201,-201,-189,-181,-232,-213,-213,-152,-170,-129,-226,-214,-527,-533,-525,-521,-520,-518,-744,-745,-731,-734,-862,-856,-818,-806,-29992,-29993,-29993,-29994]} 1. e4 c5 2. f4 e6 3. Nf3 Nc6 4. d4 cxd4 5. c3 dxc3 6. Nxc3 {B21: Sicilian: 2 f4 and Morra Gambit.} a6 {[#]} 7. e5 $146 ({Predecessor:} 7. Be3 d6 8. Bd3 Nf6 9. h3 Be7 10. O-O O-O 11. Kh1 Bd7 12. a3 Rc8 13. Qe1 {1-0 (52) Kopczynski,M (2225)-Parol,P (1917) Zgierz 2018}) 7... d5 8. Bd3 (8. Be3 $15) 8... g6 (8... Bc5 $17 9. a3 Ba7) 9. O-O Qb6+ 10. Kh1 Bg7 (10... Bd7 $11) 11. Qe2 {[%mdl 1024] White has compensation.} Nge7 12. Be3 Qd8 13. a4 $2 ({White should play} 13. Na4 $11 d4 14. Bg1) 13... d4 $36 {[%mdl 2112] Double Attack. Black has strong initiative.} 14. Ne4 {Black should prevent Nd6+.} dxe3 15. Nd6+ Kf8 {And now ...Bh6 would win.} 16. Qxe3 {Loses the game.} (16. Ng5 $17) 16... Nd5 $19 17. Qc5 Qe7 ({Worse is} 17... Nxf4 18. Nxb7+ Qe7 19. Nd6 $11) 18. Be4 h6 19. Bxd5 exd5 20. b4 Be6 21. b5 Nd8 22. Nd4 (22. Qb6 $142) 22... Kg8 23. b6 Kh7 24. Qc7 Qd7 25. Nxe6 (25. Rfc1 $17 {was necessary.}) 25... Qxe6 26. Nxb7 $2 (26. Rad1 {is more resistant.}) 26... Nxb7 27. Qxb7 Rhb8 28. Qc7 {Hoping for b7.} Rxb6 29. Rab1 Rxb1 30. Rxb1 Rc8 31. Qa7 {[#]} Qf5 $1 32. Rf1 {[#]} Bxe5 $1 33. g4 (33. fxe5 Qxf1+) 33... Qe4+ {[%mdl 64] Double Attack} 34. Kg1 Bd4+ {Accuracy: White = 39%, Black = 58%.} 0-1